000 00370nam a2200145Ia 4500
008 230917s9999||||xx |||||||||||||| ||und||
040 _e67821
_aMAIN
041 _aEnglish
082 _a541.3453 V363C
100 _aVanselow, Ralf, ed
245 0 _aChemistry and Physics of solid surfaces v2
260 _aFlorida
_bCRC Press
_c1979
300 _a529 p.
942 _cBK
999 _c203174
_d203174